Las madres negras /

Guardado en:
Bibliografiske detaljer
Hovedforfatter: Esteban Erlés, Patricia (autor)
Format: Bog
Sprog:spansk
Udgivet: Barcelona, España : Galaxia Gutenberg, 2018, c2018
Serier:(Galaxia Gutenberg ; 176)
Fag:
Tags: Tilføj Tag
Ingen Tags, Vær først til at tagge denne postø!

MARC

LEADER 00000nam^a2200000^a^4500
001 000410172
005 20250521000000.0
009 20260310122040.201
020 |a 978-84-17088-82-8 
037 |a Acervo ITESO - Biblioteca 
041 |a ESP 
082 |a 863.  |b EST 
100 |a Esteban Erlés, Patricia  |e (autor) 
245 1 4 |a Las madres negras /  |c P. Esteban Erlés. 
264 4 |a Barcelona, España :  |b Galaxia Gutenberg,  |c 2018, c2018 
300 |a 218 p. 
336 |a texto  |b txt  |2 rdacontenido 
337 |a sin mediación  |b n  |2 rdamedio 
338 |a volumen  |b nc  |2 rdasoporte 
440 1 |a (Galaxia Gutenberg ;  |v 176) 
521 |a FIL 2018 DIA 
649 |a XX 
650 |a Monjas en la Literatura 
650 |a Niños en la Literatura 
650 |a Novela Española 
650 |a Literatura Española -  |y Siglo XXI 
650 |a Literatura de Mujeres -  |z España 
650 |a Creencias en la Literatura 
650 |a Religión en la Literatura 
910 |a Fondo General 
920 |a Impresos - Libros 
930 |a Colección General 
940 |a Literatura 
905 |a 101 
901 |a 0500318925  |b IT1  |c LIT  |i C163659  |u 20250521 
902 |a https://opac.biblio.iteso.mx/vufind/Record/000410172